| 000 | 00410nam a2200133Ia 4500 | ||
|---|---|---|---|
| 008 | 211119s9999||||xx |||||||||||||| ||und|| | ||
| 082 |
_a894.8123 _bRAM-P |
||
| 100 | _aRamanunni, K P | ||
| 245 | 0 | _aPrakasam Parathunna Ankutti | |
| 260 |
_bD c Books _a2008 _cKottayam |
||
| 300 | _a118p | ||
| 650 |
_aMalayalam Literature _vMalayalam FictionMalayalam NovelsShort StoriesMalayalam _xGeneral Stack |
||
| 942 | _cBOOK | ||
| 999 |
_c116492 _d116492 |
||